00730nam a2200253Ia 45000010006000000050017000060070003000230080041000260200018000670400025000850410008001100820022001181000026001402450093001662500014002592600053002733000018003266530025003446530025003696530014003946530021004086530017004297000030004465246120240114005306.0ta100804s2007 g b000 u 903 u a81-8356-211-6 aCotton College,Assam a903 a370.33bLa 342 Ec aLatchanna , Dr. Gar . 0aEconomics of Education /cDr.Gara Latchanna & Dr.Jeilu Oumer Hussein.hTextual Documents aIst ed. / aNew Delhi :bDiscovery Publishing House ,c2007. a92pg ;c20cm. aEconomics- Education aEducation- Economics aEducation aDeptt- Education aPG-Education aHussein, Dr.Jeilu Oumer .